FUNDAMENTALS OF INFORMATION TECHNOLOGY (Record no. 3037)

MARC details
000 -LEADER
fixed length control field 00380nam a2200145Ia 4500
008 - FIXED-LENGTH DATA ELEMENTS--GENERAL INFORMATION
fixed length control field 150201s2012 xx 000 0 und d
082 ## - DEWEY DECIMAL CLASSIFICATION NUMBER
Classification number 620
Item number F2002M
100 ## - MAIN ENTRY--PERSONAL NAME
Personal name MALHOTRA
245 ## - TITLE STATEMENT
Title FUNDAMENTALS OF INFORMATION TECHNOLOGY
250 ## - EDITION STATEMENT
Edition statement 1ST
260 ## - PUBLICATION, DISTRIBUTION, ETC. (IMPRINT)
Name of publisher, distributor, etc. EVERGREEN PUBLICATIONS
Place of publication, distribution, etc. DARYAGANJ (NEW DELHI )
Date of publication, distribution, etc. 0
300 ## - PHYSICAL DESCRIPTION
Extent 1-256
650 ## - SUBJECT ADDED ENTRY--TOPICAL TERM
Topical term or geographic name as entry element GENERAL DENTISTRY
942 ## - ADDED ENTRY ELEMENTS (KOHA)
Source of classification or shelving scheme Dewey Decimal Classification
Koha item type Books
Holdings
Withdrawn status Lost status Source of classification or shelving scheme Damaged status Not for loan Home library Current library Date acquired Source of acquisition Cost, normal purchase price Serial Enumeration / chronology SGTU Bill Number Total Checkouts Full call number Barcode Date last seen Bill Date Koha item type
    Dewey Decimal Classification     SGT Dental Library SGT Dental Library 15/05/2004 G . P 120.00 1 SGTU GIFTED   620 F2002M FD2493 09/02/2015 27/03/2012 Books